Logo BPK

Biblioteka

Politechniki Koszalińskiej

Karbidy vol'frama / (Rekord nr 26708)

Szczegóły MARC
000 -ETYKIETA REKORDU
podpole kontrolne o stałej długości 00393nam a2200157 i 4500
001 - NUMER KONTROLNY REKORDU
pole kontrolne bg
040 ## - ŹRÓDŁO KATALOGOWANIA
Instytucja, która utworzyła rekord BPK
041 ## - KOD JĘZYKA
Kod języka tekstu pol
008 - POLE O STAŁEJ DŁUGOŚCI - DANE KONTROLNE
podpole kontrolne o stałej długości s pl f |000 0 pol
100 1# - NAZWA OSOBOWA
Nazwa osobowa SAMSONOV, G. V.
245 #0 - TYTUŁ/ODPOWIEDZIALNOŚĆ
Tytuł Karbidy vol'frama /
Pozostałe elementy strefy tytułu i oznaczenia odpowiedzialności G.V. Samsonov, V.K. Vitrianjuk, F.J. Caplygin.
260 ## - STREFA ADRESU WYDAWNICZEGO
Miejsce wydania Kiev,
Data publikacji, dystrybucji/powstania dokumentu 1974.
700 1# - HASŁO DODATKOWE - NAZWA OSOBOWA
Nazwa osobowa VITRJANJUK, V. K.
700 1# - HASŁO DODATKOWE - NAZWA OSOBOWA
Nazwa osobowa CAPLYGIN, F. J.
942 ## - DODATKOWE ELEMENTY (KOHA)
Typ dokumentu Książka
Egzemplarze
Wycofany Status egzemplarza Uszkodzony Dostępność Lokalizacja stała Lokalizacja bieżąca Miejsce przechowywania Sygnatura Kod kreskowy Typ dokumentu
      Dostępny Biblioteka Politechniki Koszalińskiej Biblioteka Politechniki Koszalińskiej Wypożyczalnia BG 18271 01717617 Książka
© 2023 Biblioteka Politechniki Koszalińskiej :: KOHA